000 00974pam a2200313 a 4500
001 2672
005 20250819121919.0
020 _a0590638920
040 _aDLC
_cDLC
_dDLC
_beng
050 0 0 _aTX799.D46
_b 1991
082 0 0 _a641.65677
100 1 _aGibbons, Gail
245 1 0 _aFrom seed to plant /
_cby Gail Gibbons
250 _aFirst Scholastic printing, March 1999
260 _aNew York :
_bScholastic ,
_c1991
300 _a30 unnumbered pages :
_bcolor illustrations ;
_c21 cm.
505 _aN
520 _aExplores the intricate relationship between seeds and the plants which they produce.
521 _a560
_bLexile
521 _aN
_bRaz-Plus
650 0 _aSeeds
_xJuvenile literature.
650 0 _aPlants
_xJuvenile literature.
650 0 _aPlants
_xDevelopment
_xJuvenile literature.
650 1 _aSeeds.
650 1 _aGermination.
650 1 _aPlants.
906 _a7
_bcbc
_corignew
_d1
_eocip
_f19
_gy-gencatlg
942 _2ddc
_cBK
_n0
999 _c2672
_d2672